[Event "Kuala Lumpur op 7th"]
[Site "Kuala Lumpur"]
[Date "2010.09.07"]
[Round "9"]
[White "Bakliwal, Gaurav"]
[Black "Capel, Evan Timothy"]
[Result "1-0"]
[WhiteElo "2236"]
[BlackElo "2030"]
[PlyCount "73"]
[EventDate "2010.09.01"]
[EventType "swiss"]
[EventRounds "9"]
[EventCountry "MAS"]
[SourceTitle "CBM 138 Extra"]
[Source "ChessBase"]
[SourceDate "2010.10.29"]
[SourceVersion "1"]
[SourceVersionDate "2010.10.29"]
[SourceQuality "1"]

1. e4 d5 2. exd5 Qxd5 3. Nf3 Nc6 4. Be2 Nf6 5. d4 Bg4 6. 0-0 0-0-0 7. c4 Qf5 8. Be3 e6 9. Nbd2 h6 10. Re1 g5 11. Nf1 Bb4 12. Ng3 Qa5 13. Rf1 Bc5 14. dxc5 Rxd1 15. Rfxd1 Rd8 16. a3 Rxd1+ 17. Bxd1 Qa6 18. Be2 Nd7 19. h3 Bxf3 20. gxf3 f5 21. f4 e5 22. fxg5 f4 23. gxh6 Nf8 24. Rd1 fxe3 25. fxe3 b6 26. Rf1 Ng6 27. h7 Nce7 28. c6 Nxc6 29. Rf6 Nce7 30. Nf5 Nh8 31. Nxe7+ Kb7 32. Bf3+ c6 33. Bxc6+ Kb8 34. Rf8+ Kc7 35. Nd5+ Kd6 36. Rf6+ Kc5 37. Bb5 1-0

[Event "Goodricke op 08th"]
[Site "Kolkata"]
[Date "1997.??.??"]
[Round "6"]
[White "Bakliwal, Gaurav"]
[Black "Gokhale, Chandrashekhar"]
[Result "1-0"]
[WhiteElo "2300"]
[BlackElo "2360"]
[PlyCount "83"]
[EventDate "1997.02.??"]
[EventType "swiss"]
[EventRounds "11"]
[EventCountry "IND"]
[SourceTitle "CBM 056 Extra"]
[Source "ChessBase"]
[SourceDate "1997.03.01"]
[SourceVersion "1"]
[SourceVersionDate "1997.03.01"]
[SourceQuality "1"]

1. e4 e5 2. Nf3 Nc6 3. Bc4 Nf6 4. d3 Be7 5. c3 0-0 6. 0-0 d6 7. Nbd2 Na5 8. Bb5 a6 9. Ba4 c5 10. Re1 b5 11. Bc2 Nc6 12. a4 Rb8 13. Nf1 Re8 14. h3 Bf8 15. Ne3 g6 16. axb5 axb5 17. Bb3 Bg7 18. Nd5 Nxd5 19. Bxd5 Ne7 20. Bb3 Qc7 21. Qe2 Be6 22. Bxe6 fxe6 23. Ng5 Nc6 24. Qg4 Nd8 25. h4 Nf7 26. h5 Nxg5 27. Bxg5 h6 28. Be3 g5 29. g3 Kh8 30. Kh1 Bf6 31. f4 Qe7 32. fxg5 hxg5 33. Ra5 Kh7 34. Rea1 Kh6 35. b4 cxb4 36. Ra7 Qf8 37. Rf1 bxc3 38. Bxg5+ Bxg5 39. Rxf8 Rxf8 40. Qxe6+ Rf6 41. Qd7 Kxh5 42. Qh3+ 1-0

[Event "Goodricke op 08th"]
[Site "Kolkata"]
[Date "1997.??.??"]
[Round "2"]
[White "Bakliwal, Gaurav"]
[Black "Iuldachev, Saidali"]
[Result "0-1"]
[WhiteElo "2300"]
[BlackElo "2555"]
[PlyCount "114"]
[EventDate "1997.02.??"]
[EventType "swiss"]
[EventRounds "11"]
[EventCountry "IND"]
[SourceTitle "CBM 056 Extra"]
[Source "ChessBase"]
[SourceDate "1997.03.01"]
[SourceVersion "1"]
[SourceVersionDate "1997.03.01"]
[SourceQuality "1"]

1. e4 e5 2. Nf3 Nc6 3. Bc4 Nf6 4. d3 Bc5 5. Nc3 d6 6. Na4 Bb6 7. Nxb6 axb6 8. c3 Na5 9. Bb5+ Bd7 10. c4 c6 11. Ba4 c5 12. Bg5 Bxa4 13. Qxa4+ Qd7 14. Qxd7+ Nxd7 15. Ke2 Nf8 16. Rhb1 Nc6 17. Bd2 Ne6 18. b4 Ra7 19. b5 Ncd4+ 20. Nxd4 Nxd4+ 21. Kd1 Ra3 22. Rc1 Rxd3 23. Rc3 Rxc3 24. Bxc3 Ne6 25. a4 Kd7 26. a5 bxa5 27. Rxa5 g6 28. Kd2 f5 29. f3 h5 30. Ke3 h4 31. Ra2 Rf8 32. Be1 Rh8 33. Bc3 Ng5 34. Rd2 Ke6 35. Ra2 Kd7 36. Rd2 Re8 37. Ra2 fxe4 38. fxe4 Rf8 39. Kd3 h3 40. Be1 Rf4 41. Re2 Rf1 42. Bd2 Ne6 43. gxh3 Rf3+ 44. Re3 Nf4+ 45. Kc2 Rf2 46. Kd1 Rxh2 47. Rg3 Nxh3 48. Be3 g5 49. Kc1 Ke6 50. Bxg5 Nxg5 51. Rxg5 Rh4 52. Rg6+ Ke7 53. Rg7+ Kf6 54. Rxb7 Rxe4 55. b6 Rxc4+ 56. Kd2 Rb4 57. Rb8 Ke6 0-1

[Event "Goodricke op 08th"]
[Site "Kolkata"]
[Date "1997.??.??"]
[Round "10"]
[White "Bakliwal, Gaurav"]
[Black "Sriram, Jha"]
[Result "1/2-1/2"]
[WhiteElo "2300"]
[BlackElo "2300"]
[PlyCount "128"]
[EventDate "1997.02.??"]
[EventType "swiss"]
[EventRounds "11"]
[EventCountry "IND"]
[SourceTitle "CBM 056 Extra"]
[Source "ChessBase"]
[SourceDate "1997.03.01"]
[SourceVersion "1"]
[SourceVersionDate "1997.03.01"]
[SourceQuality "1"]

1. e4 c5 2. Nf3 Nc6 3. d4 cxd4 4. Nxd4 g6 5. c4 Bg7 6. Be3 Nh6 7. Be2 d6 8. h3 f5 9. Nc3 0-0 10. exf5 gxf5 11. f4 e5 12. Nxc6 bxc6 13. 0-0 e4 14. Bd4 Nf7 15. Bxg7 Kxg7 16. Qd4+ Qf6 17. Rad1 Be6 18. g4 Rfe8 19. gxf5 Bxf5 20. Bg4 Qxd4+ 21. Rxd4 Bxg4 22. hxg4 e3 23. Rc1 Re6 24. Kg2 Rae8 25. Kf3 Rh6 26. Rd3 a5 27. Kg3 Rhe6 28. Rc2 Nh6 29. f5 Re5 30. Rxd6 Rc5 31. b3 Nf7 32. Re6 Re5 33. Rxe8 Rxe8 34. Kf4 Nh6 35. Nd1 Rd8 36. Nxe3 Rd4+ 37. Ke5 c5 38. Nd5 Nf7+ 39. Ke6 Rxg4 40. f6+ Kf8 41. Kd7 Ng5 42. Re2 Kf7 43. Re7+ Kf8 44. Kc6 h5 45. Nb6 Nf7 46. Nd7+ Kg8 47. Re8+ Kh7 48. Nf8+ Kh6 49. Re7 Ng5 50. Rg7 h4 51. Ne6 h3 52. Nxg5 Rxg5 53. Rxg5 h2 54. f7 h1Q+ 55. Kb6 Qf3 56. Rxc5 Qf2 57. f8Q+ Qxf8 58. Rxa5 Qb4+ 59. Rb5 Qd6+ 60. Kb7 Qa3 61. c5 Qxa2 62. c6 Qg2 63. Ka7 Qc2 64. Kb6 Qf2+ 1/2-1/2

[Event "Goodricke op 08th"]
[Site "Kolkata"]
[Date "1997.??.??"]
[Round "9"]
[White "Murugan, Krishnamoorthy"]
[Black "Bakliwal, Gaurav"]
[Result "1-0"]
[WhiteElo "2395"]
[BlackElo "2300"]
[PlyCount "115"]
[EventDate "1997.02.??"]
[EventType "swiss"]
[EventRounds "11"]
[EventCountry "IND"]
[SourceTitle "CBM 056 Extra"]
[Source "ChessBase"]
[SourceDate "1997.03.01"]
[SourceVersion "1"]
[SourceVersionDate "1997.03.01"]
[SourceQuality "1"]

1. d4 Nf6 2. c4 e6 3. g3 d5 4. Nf3 c6 5. Bg2 Nbd7 6. Qc2 Bd6 7. 0-0 0-0 8. Nbd2 Re8 9. Rd1 Qe7 10. e4 dxe4 11. Nxe4 Nxe4 12. Qxe4 e5 13. dxe5 Nxe5 14. Nxe5 Bxe5 15. Be3 Qf6 16. f4 Bf5 17. fxe5 Bxe4 18. exf6 Bxg2 19. Bxa7 Rxa7 20. Kxg2 gxf6 21. Rd2 Rea8 22. a3 Ra4 23. Rc1 Re8 24. Rc3 c5 25. Kf3 Re6 26. Rb3 b6 27. Rc3 Kf8 28. Rd7 Kg7 29. Rd8 h6 30. Rd7 Kg6 31. Rb7 f5 32. Rd7 Kf6 33. Rd5 h5 34. Kf2 Re4 35. Rf3 Raxc4 36. Rdxf5+ Ke6 37. Rf6+ Kd7 38. Rxf7+ Ke8 39. Kg2 Rc2+ 40. Rf2 Ree2 41. Rxe2+ Rxe2+ 42. Rf2 Re5 43. Kh3 c4 44. Kh4 Ke7 45. h3 Rc5 46. Rf3 Ke6 47. g4 hxg4 48. hxg4 Rb5 49. Rf2 Rb3 50. g5 c3 51. bxc3 Rxc3 52. g6 Rc1 53. Kg5 Rg1+ 54. Kh6 Rg3 55. a4 Rb3 56. Kg7 Rh3 57. Rf6+ Ke7 58. Rxb6 1-0

[Event "Goodricke op 07th"]
[Site "Kolkata"]
[Date "1996.??.??"]
[Round "6"]
[White "Nadera, Barlo A"]
[Black "Bakliwal, Gaurav"]
[Result "1-0"]
[WhiteElo "2430"]
[BlackElo "2285"]
[PlyCount "81"]
[EventDate "1996.02.??"]
[EventType "swiss"]
[EventRounds "11"]
[EventCountry "IND"]
[SourceTitle "CBM 050 Extra"]
[Source "ChessBase"]
[SourceDate "1996.03.01"]
[SourceVersion "1"]
[SourceVersionDate "1996.03.01"]
[SourceQuality "1"]

1. d4 Nf6 2. c4 e6 3. Nc3 d5 4. Bg5 Nbd7 5. e3 c6 6. Nf3 Be7 7. Qc2 0-0 8. a3 Ne8 9. Bf4 Bd6 10. Bg3 f5 11. Bd3 Kh8 12. cxd5 cxd5 13. Nb5 Bxg3 14. hxg3 Ndf6 15. Ne5 Kg8 16. g4 Ne4 17. f3 N4d6 18. Nxd6 Nxd6 19. gxf5 exf5 20. g4 Be6 21. Qh2 h6 22. gxf5 Bxf5 23. 0-0-0 Bxd3 24. Rxd3 Rc8+ 25. Kb1 Nc4 26. f4 Rf6 27. Qg2 Rb6 28. Nxc4 dxc4 29. Rc3 Qd7 30. Rhc1 Rbc6 31. d5 Rc5 32. e4 b5 33. Rg1 R8c7 34. Qg6 Rb7 35. Qxh6 Rb6 36. Qh4 Qe8 37. f5 b4 38. Rh3 Qe5 39. Qd8+ Kf7 40. Qd7+ Kg8 41. Rhg3 1-0